| 000 | 00565nam a22001577a 4500 | ||
|---|---|---|---|
| 040 | _cNUST | ||
| 082 | _a200 | ||
| 100 |
_aShehzadi Saima _9124724 |
||
| 110 |
_aSupervised by Dr Shahzad Amin Sheikh _990594 |
||
| 245 |
_aTime and Carrier Synchronization in Multimode CPM-DSSS Scheme for Point-To-Point Communication/ _cSaima Shehzadi |
||
| 260 |
_aRawalpindi: _bNUST COLLEGE OF EME, _c2022. |
||
| 300 |
_a101,p; _bill; _c30,cm. |
||
| 650 |
_aPhD ELECTRICAL ENGINEERING _984162 |
||
| 856 | _u http://10.250.8.41:8080/xmlui/handle/123456789/34777 | ||
| 942 |
_2ddc _cSC |
||
| 999 |
_c588748 _d588748 |
||